Soil survey of Green Lake county, (Record no. 26920)
[ view plain ]
| 000 -LEADER | |
|---|---|
| fixed length control field | 01062cam a22002291 4500 |
| 001 - CONTROL NUMBER | |
| control field | gs 31000272 |
| 003 - CONTROL NUMBER IDENTIFIER | |
| control field | DLC |
| 005 - DATE AND TIME OF LATEST TRANSACTION | |
| control field | 20260227111336.0 |
| 008 - FIXED-LENGTH DATA ELEMENTS--GENERAL INFORMATION | |
| fixed length control field | 780912s1929 wiuab s000 0 eng |
| 010 ## - LIBRARY OF CONGRESS CONTROL NUMBER | |
| LC control number | gs 31000272 |
| 035 ## - SYSTEM CONTROL NUMBER | |
| System control number | (OCoLC)4218445 |
| 040 ## - CATALOGING SOURCE | |
| Original cataloging agency | DLC |
| Transcribing agency | AzU |
| Modifying agency | DLC |
| 042 ## - AUTHENTICATION CODE | |
| Authentication code | premarc |
| 050 00 - LIBRARY OF CONGRESS CALL NUMBER | |
| Classification number | QE179 |
| Item number | .A2 no. 61c |
| 100 1# - MAIN ENTRY--PERSONAL NAME | |
| Personal name | Whitson, A. R. |
| Fuller form of name | (Andrew R.), |
| Dates associated with a name | 1870-1945. |
| 245 10 - TITLE STATEMENT | |
| Title | Soil survey of Green Lake county, |
| Statement of responsibility, etc. | by A. R. Whitson, W. J. Geib, Homer Chapman, Oscar Magistad, F. J. O'Connell, T. J. Dunnewald and Kenneth Whitson of the Wisconsin Geological and natural history survey, and A. C. Anderson, E. H. Bailey and M. J. Edwards of the United States Department of agriculture. |
| 260 ## - PUBLICATION, DISTRIBUTION, ETC. | |
| Place of publication, distribution, etc. | [Madison] |
| Name of publisher, distributor, etc. | The State, |
| Date of publication, distribution, etc. | 1929 |
| 300 ## - PHYSICAL DESCRIPTION | |
| Extent | 79 p. |
| Other physical details | incl. illus., tables. fold. col. map. |
| Dimensions | 23 cm. |
| 490 0# - SERIES STATEMENT | |
| Series statement | Wisconsin. Geological and natural history survey. Bulletin, |
| Volume/sequential designation | no. 61c. Soil series, no. 41 |
| 500 ## - GENERAL NOTE | |
| General note | Soil survey in cooperation with the College of agriculture. |
| 650 #0 - SUBJECT ADDED ENTRY--TOPICAL TERM | |
| Topical term or geographic name entry element | Soil surveys |
| Geographic subdivision | Wisconsin |
| -- | Green Lake County. |
No items available.